00915nab a22002177a 4500003000400000005001700004008004100021040000700062100002200069245009100091260007200182300001300254500003500267505009200302505009000394650002000484650001700504650001300521650003000534773013300564OSt20250220092430.0190605e xxu||||| |||| 00| 0 spa d cPJ aMansilla, Alberto10aDNU 731/2024 :blas propinas ya no son parte de la remuneración /cAlberto Mansilla. aCiudad Autónoma de Buenos Aires :bThomson Reuters La Ley,c2025. ap. 18-21 aCita Online: AR/DOC/2626/2024. aSumario: I. Su inconstitucionalidad.— II. La jurisprudencia.— III. El DNU 731/2024. t¿Te interesa el texto completo? Solicitalo al correo: koha@justierradelfuego.gov.ar  0aDERECHO LABORAL 0aREMUNERACION 0aPROPINAS 0aINDEMNIZACION POR DESPIDO0 02711dCiudad Autónoma de Buenos Aires : Thomson Reuters La Ley, 1999-2002.tRevista de derecho del trabajo. Nº 1 - Enero 2025